| 000 | 00607nam a2200217Ia 4500 | ||
|---|---|---|---|
| 005 | 20250508162931.0 | ||
| 008 | 008 250505s9999 xx 000 0 eng d | ||
| 020 | _a0-8039-6040-9 | ||
| 037 | _aTextual | ||
| 040 |
_aFEDL _beng _cFEDL |
||
| 041 |
_aeng _2eng |
||
| 084 |
_a371.1, ZEH _qFEDL |
||
| 100 |
_aZehm Stanley J _9581980 |
||
| 245 | 0 | _aOn being a teacher : The human dimension | |
| 260 |
_aCalifornia, USA _bCorwin Press _c1993 |
||
| 300 | _axiv,136p | ||
| 650 | _aTeaching | ||
| 700 |
_a Kottler Jeffrey A _9774439 |
||
| 942 |
_cTEXL _h371.1, ZEH |
||
| 999 |
_c1379513 _d1379513 |
||